000 006200000a22002650004500
500 _aBibliography: p.145
650 _aLinguistics
650 _aLanguages
650 _aLiterature education
650 _aVocabularies
650 _aLiterary style
650 _aAcoustics
651 _aNepal
082 _a410
_bB581i
_cT
518 _a970821
530 _aM
100 _aBlake, N. F.
245 _aAn introduction to the language of literature
020 _a0-333-45411-1
260 _aLondon
_bMacmillan Press, Great Britain
260 _c1990
041 _aEng
300 _a152p.
942 _cGEN
999 _c12238
_d12238